000 00376nam a2200145Ia 4500
008 210210b1985 xxu||||| |||| 00| 0 eng d
082 _a344 MATL
100 _aMATHEW (P D).
245 _aLegal education series No.10: legal aid to the poor.
260 _aND
_bIndian social institute
_c1985
300 _a38
650 _aLegal Aid
690 _aSocial Law
906 _a038140
999 _c88418
_d88418